|
|
|
|
| LEADER |
00000nam a2200000 i 4500 |
| 001 |
1/94634 |
| 008 |
991129s1995 eng d |
| 020 |
|
|
|a 0-304-33261-5
|
| 035 |
|
|
|l 10054910
|
| 040 |
|
|
|a GR-MY-UA
|b gre
|e aacr
|
| 041 |
0 |
|
|a eng
|
| 082 |
0 |
|
|a 155.4
|
| 100 |
1 |
|
|a Sharman, Carole.
|
| 245 |
1 |
0 |
|a Observing children :
|b a practical guide /
|c Carole Sharman, Wendy Cross, Diana Vennis
|
| 260 |
|
|
|a London :
|b Cassell,
|c 1995
|
| 300 |
|
|
|a 114 p.
|
| 650 |
0 |
0 |
|a Child psychology
|x Research
|x Methodology.
|
| 650 |
0 |
0 |
|a Observation (Psychology)
|
| 700 |
1 |
|
|a Cross, Wendy.
|
| 700 |
1 |
|
|a Vennis, Diana.
|
| 852 |
|
|
|a INST
|b RHODES
|e 19991129
|h 155.4 SHA
|p 005400012940
|q 005400012940
|t BK
|y 0
|
| 901 |
|
|
|a BIBL4-1999-3
|
| 909 |
|
|
|a Ρ
|b 070623
|
| 922 |
|
|
|a 4ΕΛΗ
|b 199911
|c ΚΠΣ/154
|d GLORY BOOKS
|
| 970 |
|
|
|a ΚΟΥΛΑΚΙΟΤΗ
|b ΛΙΤΣΑ
|z 1999/11/29
|